Children story book-Chinese fairy tale
| Main Author: | |
|---|---|
| Format: | Book |
| Published: |
China :
Chunfeng Art and Literature Press ,
200--?
|
| Subjects: |
MARC
| LEADER | 00000cam a2200000 7i4500 | ||
|---|---|---|---|
| 001 | 0000217758 | ||
| 005 | 20250918103527.0 | ||
| 020 | |a 9787531349129 | ||
| 090 | 0 | 0 | |a JFM |b NIE |
| 100 | 1 | |a Nie, Zo Ping | |
| 245 | 1 | 0 | |a Children story book-Chinese fairy tale |c Nie Zuo Ping |
| 260 | |a China : |b Chunfeng Art and Literature Press , |c 200--? | ||
| 300 | |a 132p. ; |c 23cm. | ||
| 650 | 0 | 0 | |a Children's stories, Chinese |
| 650 | 0 | 0 | |a Chinese fiction |
| 650 | 0 | 0 | |a Chinese language |
| 999 | |a 00339523 |b BUKU |c JUNIOR FICTION MANDARIN COLLECTION |e PERPUSTAKAAN KOMUNITI PETALING JAYA | ||